Music Quiz

Random Music or Artist Quiz

Artists on Now! Volume 57 (UK) Quiz Stats

 Plays Quiz not verified by Sporcle

Challenge
Share
Tweet
Embed
Score 0/44 Timer 06:00
0 Plays Today
Song Artist % Correct
ToxicBritney Spears
97.1%
MilkshakeKelis
92.9%
Not In LoveEnrique Iglesias ft. Kelis
92.9%
JumpGirls Aloud
81.4%
Somewhere Only We KnowKeane
80%
Mysterious GirlPeter André
78.6%
Shut UpThe Black Eyed Peas
75.7%
Take Me OutFranz Ferdinand
75.7%
Stacy's MomFountains of Wayne
74.3%
Comfortably NumbScissor Sisters
71.4%
I'm Lovin' ItJustin Timberlake
70%
Leave Right NowWill Young
70%
RunSnow Patrol
64.3%
Too Lost in YouSugababes
62.9%
I Miss YouBlink-182
60%
Who's David?Busted
58.6%
Red Blooded WomanKylie Minogue
57.1%
Ladies' NightAtomic Kitten ft. Kool & the Gang
57.1%
ChangesKelly Osbourne ft. Ozzy Osbourne
57.1%
She Wants to MoveN.E.R.D
55.7%
Cha Cha SlideDJ Casper
52.9%
The Closest Thing to CrazyKatie Melua
51.4%
Song Artist % Correct
Take Me to the Clouds AboveLMC vs U2
47.1%
Breathe EasyBlue
44.3%
Fell in Love with a BoyJoss Stone
41.4%
Thank YouJamelia
37.1%
SunriseNorah Jones
35.7%
She Believes (In Me)Ronan Keating
34.3%
All This TimeMichelle McManus
31.4%
Somebody to LoveBoogie Pimps
27.1%
I Won't Change YouSophie Ellis-Bextor
27.1%
Frontin' (Live)Jamie Cullum
27.1%
DudeBeenie Man ft. Ms Thing and Shawanna
25.7%
I'll Be ThereEmma
25.7%
Come with MeSpecial D.
18.6%
As the Rush ComesMotorcycle
18.6%
Rock Your Body RockFerry Corsten
18.6%
Give It AwayDeepest Blue
17.1%
Feelin' FineUltrabeat
17.1%
Maybe That's What It TakesAlex Parks
17.1%
So Confused2 Play ft. Raghav and Jucxi
15.7%
Bring It OnAlistair Griffin
14.3%
Love You Like MadVS
12.9%
Must Be LoveFYA ft. Smujji
8.6%

You're not logged in!

Compare scores with friends on all Sporcle quizzes.
OR
Log In

You Might Also Like...

Show Comments

Extras

Top Quizzes Today


Score Distribution

Your Account Isn't Verified!

In order to create a playlist on Sporcle, you need to verify the email address you used during registration. Go to your Sporcle Settings to finish the process.

Report this User

Report this user for behavior that violates our Community Guidelines.

Details: